[Event "79th ch-ESP 2014"]
[Site "Linares ESP"]
[Date "2014.08.25"]
[Round "1.1"]
[White "Vallejo Pons, Francisco"]
[Black "Perera Borrego, Mariela"]
[Result "1-0"]
[WhiteTitle "GM"]
[BlackTitle "WFM"]
[WhiteElo "2698"]
[BlackElo "2109"]
[WhiteFideId "2205530"]
[BlackFideId "22238255"]
[EventDate "2014.08.25"]

1. e4 d6 2. g3 e5 3. Bg2 Nf6 4. Nc3 Be7 5. d3 c6 6. f4 a5 7. Nf3 Bg4 8. h3 Bxf3
9. Qxf3 Na6 10. O-O Qc7 11. Be3 O-O 12. g4 exf4 13. Qxf4 Rac8 14. d4 Nb4 15. Rf2
c5 16. dxc5 dxc5 17. Qxc7 Rxc7 18. e5 Nd7 19. Bf4 Bh4 20. Re2 Nb6 21. e6 Re7 22.
a3 Nc6 23. Bxc6 bxc6 24. Bd6 Rxe6 25. Rxe6 fxe6 26. Bxf8 Kxf8 27. Ne4 Be7 28.
Kf2 Kf7 29. Ke2 e5 30. Kd3 Ke6 31. c4 Nd7 32. Rf1 h6 33. Rf3 Nf8 34. Ng3 Ng6 35.
Nh5 Bf8 36. Ke4 Ke7 37. Rb3 Nh8 38. Rb7+ Ke6 39. Nxg7+ Bxg7 40. Rxg7 Nf7 41.
Rxf7 1-0

[Event "79th ch-ESP 2014"]
[Site "Linares ESP"]
[Date "2014.08.25"]
[Round "1.2"]
[White "Fernandez Lozano, Francesc"]
[Black "Anton Guijarro, David"]
[Result "0-1"]
[BlackTitle "GM"]
[WhiteElo "2093"]
[BlackElo "2624"]
[WhiteFideId "2228840"]
[BlackFideId "2285525"]
[EventDate "2014.08.25"]

1. Nf3 d5 2. d3 g6 3. g3 Bg7 4. Bg2 Nf6 5. O-O O-O 6. Nbd2 Nc6 7. c3 a5 8. a4 e5
9. e4 h6 10. Qc2 Be6 11. Re1 Re8 12. Nf1 Qd7 13. Bd2 Rad8 14. Rec1 dxe4 15. dxe4
Bc4 16. Be1 Bd3 17. Qb3 Nxe4 18. Ne3 Nc5 19. Qa2 Qe6 20. Qxe6 Rxe6 21. Nd2 e4
22. Ra3 Bf8 23. Raa1 Bg7 24. Ra3 f5 25. Bf1 h5 26. Ra2 Bh6 27. b3 Ne5 28. h3 h4
29. b4 Bxf1 30. Kxf1 Ncd3 31. Rb1 hxg3 32. Nec4 gxf2 33. Bxf2 Bxd2 34. Nxd2 Nxf2
35. Kxf2 e3+ 0-1

[Event "79th ch-ESP 2014"]
[Site "Linares ESP"]
[Date "2014.08.25"]
[Round "1.3"]
[White "Salgado Lopez, Ivan"]
[Black "Camacho Calle, Pedro"]
[Result "1-0"]
[WhiteTitle "GM"]
[WhiteElo "2620"]
[BlackElo "2086"]
[WhiteFideId "2257327"]
[BlackFideId "2206803"]
[EventDate "2014.08.25"]

1. e4 c6 2. Nf3 d5 3. Nc3 Bg4 4. h3 Bxf3 5. Qxf3 e6 6. d4 Nf6 7. Bd3 dxe4 8.
Nxe4 Nxe4 9. Qxe4 Qd5 10. Qe3 Nd7 11. O-O Bd6 12. Bd2 O-O 13. Rfd1 Nf6 14. c4
Qh5 15. f4 Nd7 16. b4 Qh4 17. Qf2 Qxf2+ 18. Kxf2 Rfd8 19. Rab1 a6 20. a4 h5 21.
g4 hxg4 22. hxg4 b5 23. c5 Bf8 24. g5 g6 25. Be3 Bg7 26. Ra1 f5 27. Be2 Rac8 28.
axb5 axb5 29. Ra7 Nf8 30. Bf3 Nd7 31. Rda1 Kf8 32. R1a6 Nb8 33. Rb6 Bxd4 34.
Bxd4 Rxd4 35. Ke3 Rdd8 36. Rbb7 1-0

[Event "79th ch-ESP 2014"]
[Site "Linares ESP"]
[Date "2014.08.25"]
[Round "1.5"]
[White "Suarez Triguero, Jose Alfonso"]
[Black "Vazquez Igarza, Renier"]
[Result "0-1"]
[BlackTitle "GM"]
[WhiteElo "2084"]
[BlackElo "2603"]
[WhiteFideId "2231204"]
[BlackFideId "3503054"]
[EventDate "2014.08.25"]

1. e4 c5 2. c4 Nc6 3. Ne2 Nf6 4. Nbc3 g6 5. d4 cxd4 6. Nxd4 d6 7. Be2 Bg7 8. Be3
O-O 9. O-O Bd7 10. Rc1 Nxd4 11. Bxd4 Bc6 12. f3 a5 13. Nd5 Nd7 14. Re1 Nc5 15.
Bxg7 Kxg7 16. Qd4+ e5 17. Qe3 Bxd5 18. cxd5 a4 19. Rc3 Qb6 20. Rb1 Rfc8 21. h4
h5 22. Kh2 Qb4 23. Rc4 Qa5 24. f4 Qd8 25. Qg3 exf4 26. Qxf4 Nd7 27. Rxc8 Rxc8
28. Bb5 Ne5 29. Bxa4 Ng4+ 30. Kg3 Rc4 31. Bb3 Rb4 32. Rc1 Qb6 33. Rf1 f5 34. Re1
Rd4 35. Bd1 Rd3+ 0-1

[Event "79th ch-ESP 2014"]
[Site "Linares ESP"]
[Date "2014.08.25"]
[Round "1.5"]
[White "Korneev, Oleg"]
[Black "Plazuelo Pascual, Juan"]
[Result "1-0"]
[WhiteTitle "GM"]
[WhiteElo "2590"]
[BlackElo "2081"]
[WhiteFideId "4156803"]
[BlackFideId "32059566"]
[EventDate "2014.08.25"]

1. e4 e6 2. d4 d5 3. Nd2 Be7 4. Ngf3 Nf6 5. e5 Nfd7 6. Bd3 c5 7. c3 Nc6 8. O-O
a5 9. a4 cxd4 10. cxd4 Nb4 11. Bb5 O-O 12. Nb1 Nb8 13. Nc3 N8c6 14. Bf4 b6 15.
Qe2 Bb7 16. Qd2 Rc8 17. Rfc1 Ba6 18. g3 Qd7 19. h4 Bxb5 20. Nxb5 Na7 21. Nc3 Qb7
22. Kg2 Qa6 23. Rd1 Rfd8 24. Bg5 Qb7 25. Rh1 Re8 26. h5 Bxg5 27. Nxg5 h6 28. Nf3
Kh7 29. Rh4 Rg8 30. Rf4 Qe7 31. Nh2 Rcf8 32. Ng4 Qg5 33. Ne2 f5 34. exf6 gxf6
35. Ng1 Nac6 36. Nf3 Qg7 37. Re1 Nd8 38. Qd1 Rf7 39. Qb1+ f5 40. Nge5 Rff8 41.
Rg4 Qxg4 42. Nxg4 Rxg4 43. Ne5 Rxd4 44. Qc1 Rh8 45. Rh1 1-0

[Event "79th ch-ESP 2014"]
[Site "Linares ESP"]
[Date "2014.08.25"]
[Round "1.6"]
[White "Sacristan Latorre, Alberto"]
[Black "Perez Candelario, Manuel"]
[Result "0-1"]
[BlackTitle "GM"]
[WhiteElo "2066"]
[BlackElo "2575"]
[WhiteFideId "22201211"]
[BlackFideId "2210622"]
[EventDate "2014.08.25"]

1. e4 c5 2. Ne2 e6 3. d4 cxd4 4. Nxd4 Nc6 5. Nc3 Qc7 6. Be2 a6 7. O-O b5 8. a3
Bb7 9. Be3 Nf6 10. Qd2 Rc8 11. Nxc6 Bxc6 12. Qd3 Be7 13. f4 O-O 14. Bf3 e5 15.
fxe5 Qxe5 16. Rad1 Bc5 17. Bxc5 Qxc5+ 18. Qd4 Qxd4+ 19. Rxd4 Rfe8 20. Rfd1 Re5
21. R1d2 Rc5 22. Ne2 Re8 23. Ng3 g6 24. c3 Kg7 25. Rd6 Rce5 26. Kf2 R8e7 27. Re2
h5 28. h4 Ne8 29. Rd4 Nc7 30. Nf1 Ne6 31. Rd6 Nc5 32. Nd2 a5 33. Rd4 f6 34. c4
b4 35. axb4 axb4 36. b3 Re8 37. g3 Ra8 38. Re3 Ra2 39. Ke2 Kf7 40. Bg2 Ke7 41.
Bf3 d6 42. Bg2 g5 43. hxg5 fxg5 44. Kf1 g4 45. Ke1 Ra1+ 46. Ke2 Rc1 47. Kf2 Kd7
48. Bf1 Kc7 49. Bd3 Ne6 50. Rd5 Bxd5 51. cxd5 Nc5 52. Bb5 Rc2 53. Ke1 Re7 54.
Kd1 Rc3 55. Ke2 Rh7 56. Bc4 h4 57. gxh4 Rxh4 58. Nf1 Rh3 59. Kf2 Rf3+ 60. Ke2
Rxf1 0-1

[Event "79th ch-ESP 2014"]
[Site "Linares ESP"]
[Date "2014.08.25"]
[Round "1.7"]
[White "Lopez Martinez, Josep Manuel"]
[Black "Arroyo Rodriguez, Jesus"]
[Result "1-0"]
[WhiteTitle "GM"]
[WhiteElo "2549"]
[BlackElo "2064"]
[WhiteFideId "2212943"]
[BlackFideId "2277760"]
[EventDate "2014.08.25"]

1. d4 c6 2. c4 d5 3. Nf3 Nf6 4. e3 e6 5. b3 Bd6 6. Bb2 O-O 7. Bd3 b6 8. O-O Bb7
9. Nbd2 Nbd7 10. Ne5 c5 11. f4 Ne4 12. cxd5 exd5 13. Nxe4 dxe4 14. Bc4 Nf6 15.
Qe2 Qe7 16. Rad1 Rad8 17. dxc5 Bxc5 18. Rxd8 Qxd8 19. Rd1 Qe7 20. Nxf7 Rxf7 21.
Bxf6 gxf6 22. Qg4+ Kh8 23. Bxf7 Qxf7 24. Rd8+ Bf8 25. Qd1 Bc8 1-0

[Event "79th ch-ESP 2014"]
[Site "Linares ESP"]
[Date "2014.08.25"]
[Round "1.8"]
[White "Ruiz Font, Elisabet"]
[Black "Arizmendi Martinez, Julen Luis"]
[Result "0-1"]
[BlackTitle "GM"]
[WhiteElo "2063"]
[BlackElo "2544"]
[WhiteFideId "2200490"]
[BlackFideId "2205092"]
[EventDate "2014.08.25"]

1. e4 e6 2. d4 d5 3. Nd2 a6 4. Ngf3 c5 5. exd5 exd5 6. dxc5 Bxc5 7. Nb3 Bb6 8.
Bg5 f6 9. Bf4 Ne7 10. Bd3 O-O 11. O-O Bg4 12. h3 Bh5 13. g4 Bf7 14. Nfd4 Ng6 15.
Bg3 Nc6 16. c3 Nge5 17. Bf5 Re8 18. Re1 g6 19. Bc2 Qd7 20. Kg2 Kg7 21. Nxc6 Nxc6
22. Qd2 d4 23. Nxd4 Nxd4 24. cxd4 Rac8 25. Rxe8 Rxe8 26. Re1 Rxe1 27. Qxe1 Bxd4
28. b3 a5 29. Be4 Qe7 30. Qb1 b5 31. Qd3 Qc5 32. Bf3 a4 33. bxa4 bxa4 34. Qa6
Qc4 35. Qxc4 Bxc4 36. Bd1 a3 37. Bd6 Bb2 38. h4 Bxa2 39. h5 Bd5+ 0-1

[Event "79th ch-ESP 2014"]
[Site "Linares ESP"]
[Date "2014.08.25"]
[Round "1.9"]
[White "Del Rio De Angelis, Salvador G."]
[Black "Pozanco Romasanta, Marc"]
[Result "1-0"]
[WhiteTitle "GM"]
[WhiteElo "2529"]
[BlackElo "2061"]
[WhiteFideId "2203138"]
[BlackFideId "2255138"]
[EventDate "2014.08.25"]

1. d4 Nf6 2. c4 e5 3. dxe5 Ng4 4. e3 Nxe5 5. f4 Ng6 6. Nc3 Bc5 7. a3 a5 8. Bd3
Ra6 9. Ne4 Qe7 10. Ne2 f5 11. Nxc5 Qxc5 12. O-O O-O 13. Nc3 Re6 14. b4 axb4 15.
axb4 Qxb4 16. Nd5 Qd6 17. Ra8 Na6 18. Bxf5 Rxf5 19. Rxc8+ Rf8 20. Rxf8+ Nxf8 21.
f5 Rh6 22. g3 c6 23. e4 cxd5 24. Bxh6 Qxh6 25. Qxd5+ Kh8 26. Qd4 Kg8 27. Qd5+
Kh8 28. e5 Qb6+ 29. Rf2 Qb1+ 30. Kg2 h5 31. h4 Kh7 32. Qf3 g6 33. fxg6+ Nxg6 34.
Qxh5+ Kg7 35. Qg4 1-0

[Event "79th ch-ESP 2014"]
[Site "Linares ESP"]
[Date "2014.08.25"]
[Round "1.10"]
[White "Fernandez-Martos Machado, Eduard"]
[Black "Ibarra Jerez, Jose Carlos"]
[Result "0-1"]
[BlackTitle "GM"]
[WhiteElo "2060"]
[BlackElo "2521"]
[WhiteFideId "2200481"]
[BlackFideId "2226332"]
[EventDate "2014.08.25"]

1. d4 Nf6 2. Nf3 g6 3. c4 d6 4. Nc3 Bf5 5. e3 Bg7 6. Be2 O-O 7. O-O Ne4 8. Nxe4
Bxe4 9. Bd2 b6 10. Bc3 Nd7 11. Nd2 Bb7 12. Bf3 c6 13. Qc2 Qc7 14. Rfe1 e5 15.
Rad1 f5 16. dxe5 dxe5 17. e4 f4 18. Bg4 Rae8 19. Nf3 Nf6 20. Bh3 c5 21. Qd3 h6
22. Qd6 Qxd6 23. Rxd6 Nxe4 24. Rxg6 Nxc3 25. bxc3 e4 26. Nh4 Rf6 27. Rxf6 Bxf6
28. Nf5 Bxc3 29. Rd1 e3 30. fxe3 fxe3 0-1

[Event "79th ch-ESP 2014"]
[Site "Linares ESP"]
[Date "2014.08.25"]
[Round "1.12"]
[White "Meco Benitez, Jose Luis"]
[Black "Santos Latasa, Jaime"]
[Result "0-1"]
[BlackTitle "FM"]
[WhiteElo "2028"]
[BlackElo "2487"]
[WhiteFideId "2266369"]
[BlackFideId "2293307"]
[EventDate "2014.08.25"]

1. e4 e6 2. d4 d5 3. e5 c5 4. c3 Nc6 5. Nf3 Bd7 6. a3 c4 7. Nbd2 Na5 8. Be2 Ne7
9. O-O Nc8 10. Rb1 Nb6 11. Qe1 Be7 12. Bd1 Qc7 13. Bc2 O-O-O 14. Qe3 h6 15. b3
cxb3 16. Bxb3 Nxb3 17. Nxb3 Nc4 18. Qe2 Kb8 19. Qa2 Nb6 20. Be3 Bb5 21. Rfc1 Bd3
22. Ra1 Nc4 23. a4 a5 24. Ne1 Bf5 25. Nc2 g5 26. Nd2 h5 27. Nxc4 dxc4 28. Rcb1
Be4 29. Rb5 Rd5 30. Rab1 Rxb5 31. Rxb5 h4 32. Bc1 h3 33. g3 Bxc2 34. Qxc2 Qc6
35. f4 Qf3 36. fxg5 Rg8 37. Rb1 Rxg5 38. Qf2 Qd1+ 39. Qf1 Rxg3+ 40. hxg3 h2+ 0-1

[Event "79th ch-ESP 2014"]
[Site "Linares ESP"]
[Date "2014.08.25"]
[Round "1.13"]
[White "Rubio Mejia, Luis Ignacio"]
[Black "Redondo Benavente, Jose Carlos"]
[Result "1-0"]
[WhiteTitle "IM"]
[WhiteElo "2470"]
[BlackElo "2027"]
[WhiteFideId "2281228"]
[BlackFideId "32010788"]
[EventDate "2014.08.25"]

1. d4 d6 2. Nf3 Nf6 3. c4 g6 4. Nc3 Bf5 5. Ng5 h6 6. e4 Bg4 7. Nf3 Bg7 8. Be2
O-O 9. Be3 Nfd7 10. Qd2 Bxf3 11. Bxf3 c5 12. d5 Kh7 13. Be2 Qa5 14. O-O Nb6 15.
a3 Na4 16. Nxa4 Qxa4 17. Bd3 Nd7 18. f4 Qb3 19. Rf2 a6 20. e5 b5 21. e6 fxe6 22.
dxe6 Nf6 23. h3 bxc4 24. Bc2 Qb7 25. Re1 Rad8 26. Qc1 Rg8 27. Bb1 d5 28. Bxc5
Rc8 29. Be3 Ne4 30. f5 gxf5 31. Rxf5 Bxb2 32. Qd1 Kh8 33. Qh5 Rxg2+ 34. Kxg2
Rg8+ 35. Kh2 Be5+ 36. Rxe5 Qb2+ 37. Re2 1-0

[Event "79th ch-ESP 2014"]
[Site "Linares ESP"]
[Date "2014.08.25"]
[Round "1.14"]
[White "Domingo Nunez, Alejandro"]
[Black "Gonzalez De La Torre, Santiago"]
[Result "0-1"]
[BlackTitle "IM"]
[WhiteElo "2023"]
[BlackElo "2466"]
[WhiteFideId "22245561"]
[BlackFideId "2221667"]
[EventDate "2014.08.25"]

1. e4 d6 2. Nc3 c5 3. g3 Nc6 4. Bg2 g6 5. d3 Bg7 6. f4 e6 7. Nf3 Nge7 8. O-O O-O
9. Be3 Nd4 10. Qd2 Nec6 11. Ne1 Qa5 12. Nd1 Qa6 13. Qf2 Rb8 14. Kh1 b5 15. e5
dxe5 16. c3 exf4 17. Bxf4 e5 18. Be3 Ne6 19. Bxc5 Nxc5 20. Qxc5 Bb7 21. Ne3 Na5
22. Nd5 Nb3 23. axb3 Qxa1 24. Nf3 Qa6 25. Ng5 f6 26. Ne4 Rbd8 27. c4 bxc4 28.
bxc4 Bxd5 29. cxd5 Qxd3 30. Qxa7 f5 31. Ng5 e4 32. Ne6 Rf7 33. Qa4 Rxd5 34. Qe8+
Bf8 35. Nf4 Qb5 36. Qe6 Rd6 37. Qa2 Ra6 38. Qb1 Rfa7 39. Qc2 Ra1 40. Ne2 h6 41.
Nc1 Qc5 42. Qb3+ Kh7 43. Ne2 Bg7 44. Nf4 Qf2 45. Rd1 Qxb2 0-1

[Event "79th ch-ESP 2014"]
[Site "Linares ESP"]
[Date "2014.08.25"]
[Round "1.15"]
[White "Larino Nieto, David"]
[Black "Ruperez Benito, Antonio"]
[Result "1/2-1/2"]
[WhiteTitle "GM"]
[WhiteElo "2432"]
[BlackElo "2018"]
[WhiteFideId "2256444"]
[BlackFideId "22245049"]
[EventDate "2014.08.25"]

1. b3 e5 2. Bb2 Nc6 3. e3 Nf6 4. Bb5 Bd6 5. Ne2 a6 6. Bxc6 dxc6 7. Ng3 h5 8. d3
h4 9. Ne4 Nxe4 10. dxe4 Qg5 11. Nd2 Qxg2 12. Qf3 Qxf3 13. Nxf3 f6 14. Rg1 Kf7
15. Ke2 Be6 16. c4 b5 17. Rac1 bxc4 18. bxc4 Rab8 19. Ba1 Rb4 20. Nd2 Rhb8 21.
Rc2 Ra4 22. Rgc1 Ba3 23. Rg1 Rab4 24. f4 exf4 25. exf4 g6 26. Bd4 Ra4 27. Rf1 f5
28. e5 Bb4 29. Nf3 Be7 30. Rfc1 Rbb4 31. Nd2 Ra3 32. Be3 Rba4 33. Ra1 Bb4 34.
Rb1 Bxd2 35. Rxd2 Bxc4+ 36. Kf2 Bd5 37. Rb7 g5 38. Rxc7+ Kg6 39. fxg5 Rg4 40.
Rxd5 cxd5 41. Rc6+ Kg7 42. Rc7+ Kg8 43. Rc8+ Kf7 44. Rc7+ Ke8 45. Rc6 Kf7 46.
Bf4 Rxf4+ 47. Ke1 Ke8 1/2-1/2

[Event "79th ch-ESP 2014"]
[Site "Linares ESP"]
[Date "2014.08.25"]
[Round "1.16"]
[White "Iraneta Unzue, Iker"]
[Black "Antoli Royo, Joaquin Miguel"]
[Result "0-1"]
[BlackTitle "IM"]
[WhiteElo "2015"]
[BlackElo "2428"]
[WhiteFideId "2298112"]
[BlackFideId "2259532"]
[EventDate "2014.08.25"]

1. e4 c5 2. Nf3 d6 3. d4 cxd4 4. Nxd4 Nf6 5. Nc3 Nc6 6. f3 e5 7. Nb3 Be7 8. Be3
O-O 9. Qd2 a5 10. a4 Nb4 11. Be2 d5 12. Nxd5 Nfxd5 13. exd5 Bf5 14. O-O Bxc2 15.
Bd1 Bd3 16. Be2 Bxe2 17. Qxe2 Qxd5 18. Nc1 Rfd8 19. Bb6 Bc5+ 20. Bxc5 Qxc5+ 21.
Kh1 Rac8 22. Qe4 Nc2 23. Rb1 Ne3 24. Re1 Qc2 25. Ne2 Qxe4 26. fxe4 Rc2 27. Rbc1
Rdd2 28. Nc3 Nxg2 29. Nb1 0-1

[Event "79th ch-ESP 2014"]
[Site "Linares ESP"]
[Date "2014.08.25"]
[Round "1.17"]
[White "Alexandrova, Olga"]
[Black "Carruana Fuentes, Rafael"]
[Result "1-0"]
[WhiteTitle "IM"]
[WhiteElo "2424"]
[BlackElo "2014"]
[WhiteFideId "14102463"]
[BlackFideId "2253542"]
[EventDate "2014.08.25"]

1. d4 Nf6 2. c4 e6 3. Nf3 d5 4. e3 Be7 5. b3 b6 6. Bd3 Bb7 7. O-O Nbd7 8. cxd5
exd5 9. Bb2 O-O 10. Nc3 Ne4 11. Qc2 Ndf6 12. Ne5 c5 13. dxc5 Bxc5 14. Na4 Bd6
15. f3 Rc8 16. Qe2 Nc5 17. Nxc5 Bxc5 18. Bd4 Qe7 19. Bf5 Rc7 20. Rac1 Bc8 21.
Bd3 Bb7 22. Qf2 Bxd4 23. exd4 Rfc8 24. Rce1 Qa3 25. Bf5 Rd8 26. Qh4 Qd6 27. Ng4
h5 28. Nxf6+ Qxf6 29. Qxf6 gxf6 30. Rc1 Re7 31. Rfe1 Rde8 32. Kf2 Ba6 33. Rxe7
Rxe7 34. Re1 Rc7 35. Ke3 Re7+ 36. Kd2 Rc7 37. Re8+ Kg7 38. h4 Bf1 39. g3 Ba6 40.
Rd8 Bb7 41. Rd7 Rxd7 42. Bxd7 Kg6 43. Kc3 Kg7 44. Kb4 a6 45. a4 Kf8 46. a5 Ke7
47. Bf5 Kd6 48. axb6 Kc6 49. Ka5 Kd6 50. Bd3 Kc6 1-0

[Event "79th ch-ESP 2014"]
[Site "Linares ESP"]
[Date "2014.08.25"]
[Round "1.18"]
[White "Bazan Solera, Manuel"]
[Black "Suarez Garcia, Carlos"]
[Result "0-1"]
[BlackTitle "FM"]
[WhiteElo "2003"]
[BlackElo "2400"]
[WhiteFideId "2228998"]
[BlackFideId "22230858"]
[EventDate "2014.08.25"]

1. d4 d5 2. c4 e6 3. Nc3 c6 4. e3 Nd7 5. cxd5 exd5 6. Bd3 Bd6 7. Nf3 Ngf6 8. O-O
O-O 9. a4 a5 10. b3 Qe7 11. Bb2 Re8 12. Qc1 Ne4 13. Ne2 Qe6 14. Ng3 Ndf6 15. Ne5
Nxg3 16. hxg3 Bxe5 17. dxe5 Ng4 18. f3 Nxe5 19. Qc3 f6 20. Bc2 Nf7 21. Kf2 Qe5
22. Qd2 Qg5 23. Rh1 Bf5 24. f4 Qg6 25. Bd1 Nd6 26. Bf3 Bg4 27. Rh4 Bxf3 28. gxf3
Nf5 29. Rg4 Qh6 30. Bd4 Qh2+ 31. Ke1 Qg1+ 32. Ke2 Qg2+ 33. Kd3 Qxf3 34. Rh4 Nxd4
35. Kxd4 c5+ 36. Kd3 d4 37. Re1 Rxe3+ 0-1

[Event "79th ch-ESP 2014"]
[Site "Linares ESP"]
[Date "2014.08.25"]
[Round "1.19"]
[White "Vega Gutierrez, Sabrina"]
[Black "Mercado Larrea, Adrian"]
[Result "1-0"]
[WhiteTitle "IM"]
[WhiteElo "2395"]
[BlackElo "2001"]
[WhiteFideId "2219026"]
[BlackFideId "2245140"]
[EventDate "2014.08.25"]

1. e4 c5 2. Nf3 Nc6 3. d4 cxd4 4. Nxd4 Nf6 5. Nc3 e5 6. Ndb5 d6 7. Bg5 a6 8. Na3
b5 9. Nd5 Be7 10. Bxf6 Bxf6 11. c4 b4 12. Nc2 a5 13. g3 O-O 14. h4 Be6 15. Bg2
Bxd5 16. cxd5 Nb8 17. Ne3 Na6 18. Rc1 Nc5 19. Rxc5 dxc5 20. Nc4 Qb8 21. d6 Rd8
22. Qd5 Ra6 23. d7 Qa8 24. Qxa8 Raxa8 25. Bh3 Ra7 26. Ke2 Raxd7 27. Bxd7 Rxd7
28. Rd1 Rd4 29. Rxd4 cxd4 30. Nxa5 Be7 31. Nc6 Bd6 32. Kd3 Kf8 33. Kc4 Ke8 34.
Nxb4 Bxb4 35. Kxb4 Kd7 36. Kc4 f6 37. b4 Kc7 38. a4 Kb7 39. g4 h6 40. h5 Kb6 41.
b5 Ka5 42. Kb3 Kb6 43. Kb4 Ka7 44. a5 Kb7 45. b6 Kc6 46. Kc4 Kd7 47. a6 Kc6 48.
a7 Kb7 49. Kb4 Ka8 50. Kc5 Kb7 51. Kd6 1-0

[Event "79th ch-ESP 2014"]
[Site "Linares ESP"]
[Date "2014.08.25"]
[Round "1.20"]
[White "Prado Acebo, Ines"]
[Black "Teran Alvarez, Ismael"]
[Result "0-1"]
[BlackTitle "IM"]
[WhiteElo "1992"]
[BlackElo "2388"]
[WhiteFideId "22251235"]
[BlackFideId "2204177"]
[EventDate "2014.08.25"]

1. d4 e6 2. c4 b6 3. g3 Bb7 4. Nf3 Bb4+ 5. Bd2 Bxf3 6. exf3 Bxd2+ 7. Qxd2 d5 8.
Nc3 Ne7 9. cxd5 exd5 10. Bd3 O-O 11. O-O c6 12. Rfe1 Qd6 13. Ne2 c5 14. Qf4 Rd8
15. Qxd6 Rxd6 16. Nc3 Nbc6 17. dxc5 bxc5 18. Na4 c4 19. Bf1 Rb8 20. Rad1 Rdd8
21. Rd2 Rb4 22. Nc3 d4 23. a3 Rbb8 24. Na4 d3 25. Nc3 Nd4 26. Kg2 Nec6 27. Re4
f5 28. Re1 Kf8 29. g4 Nc2 30. Re6 N6d4 31. Ra6 Rxb2 32. Kg3 Rb3 33. Nd1 Rb1 34.
Rxa7 Nb3 0-1

[Event "79th ch-ESP 2014"]
[Site "Linares ESP"]
[Date "2014.08.25"]
[Round "1.21"]
[White "Pallardo Lozoya, Jose Vicente"]
[Black "Lucena Moreno, Rafael"]
[Result "1-0"]
[WhiteTitle "FM"]
[WhiteElo "2387"]
[BlackElo "1986"]
[WhiteFideId "2230380"]
[BlackFideId "22225641"]
[EventDate "2014.08.25"]

1. e4 c6 2. d4 d5 3. exd5 cxd5 4. Bd3 Nf6 5. h3 g6 6. Ne2 Bg7 7. c3 O-O 8. Ng3
Nbd7 9. O-O e5 10. Be3 e4 11. Bc2 b5 12. a4 bxa4 13. Rxa4 a5 14. Nd2 Nb6 15. Ra2
Ba6 16. Re1 Bb5 17. f3 Qd6 18. Bf2 exf3 19. Nxf3 Nfd7 20. Nf1 Qc6 21. Bd3 a4 22.
Ne3 Rfc8 23. Nc2 Bc4 24. Bxc4 Nxc4 25. Ne5 Ncxe5 26. dxe5 Bxe5 27. Nb4 Qc4 28.
Qxd5 Qxd5 29. Nxd5 Kg7 30. Re4 a3 31. Rxa3 Rxa3 32. bxa3 f6 33. a4 Kf7 34. a5
Ke6 35. c4 f5 36. Re1 Rxc4 37. Nb6 Nxb6 38. Bxb6 Kd5 39. a6 Ra4 40. a7 Bg3 41.
Rc1 Ke4 42. Rc4+ Kd5 43. Rc1 Ke6 44. Kh1 Kd5 45. Ra1 1-0

[Event "79th ch-ESP 2014"]
[Site "Linares ESP"]
[Date "2014.08.25"]
[Round "1.22"]
[White "Riera Morilla, Elizabeth"]
[Black "Matnadze, Ana"]
[Result "0-1"]
[BlackTitle "IM"]
[WhiteElo "1976"]
[BlackElo "2385"]
[WhiteFideId "2281813"]
[BlackFideId "13601377"]
[EventDate "2014.08.25"]

1. e4 c6 2. c4 g6 3. Nc3 Bg7 4. d4 d6 5. Be3 f5 6. h4 Nf6 7. h5 gxh5 8. Bg5 O-O
9. Bd3 e5 10. dxe5 dxe5 11. Qc2 f4 12. Nf3 Qe8 13. Bxf6 Bxf6 14. Nh4 Na6 15. Nf5
Nb4 16. Qe2 Be6 17. Bb1 Qg6 18. a3 Na6 19. b4 Nc7 20. Nd6 h4 21. f3 Kh8 22. Nxb7
Rg8 23. Ra2 Be7 24. Na4 Qf7 25. Rc2 a5 26. Nac5 axb4 27. axb4 Ra1 28. Kd2 Bc8
29. Kc3 Bxb7 30. Nxb7 Ne6 31. Ra2 Bxb4+ 32. Kxb4 Qxb7+ 0-1

[Event "79th ch-ESP 2014"]
[Site "Linares ESP"]
[Date "2014.08.25"]
[Round "1.23"]
[White "Espinosa Aranda, Angel"]
[Black "Domingo Nunez, Ruben"]
[Result "1-0"]
[WhiteTitle "IM"]
[WhiteElo "2385"]
[BlackElo "1970"]
[WhiteFideId "2278189"]
[BlackFideId "22245570"]
[EventDate "2014.08.25"]

1. e4 e6 2. Qe2 c5 3. f4 Nc6 4. Nf3 d6 5. c3 Nge7 6. g3 g6 7. Bg2 Bg7 8. O-O O-O
9. Rd1 d5 10. d3 b6 11. Na3 Ba6 12. e5 Rb8 13. Be3 Qd7 14. Bf2 Rfd8 15. Nc2 d4
16. cxd4 Nf5 17. dxc5 bxc5 18. b3 Nb4 19. Nxb4 cxb4 20. a3 Bxd3 21. Qa2 Qb5 22.
axb4 a6 23. Qa5 Bf8 24. Qxb5 Bxb5 25. Bc5 Rdc8 26. Rdc1 Rd8 27. g4 Bxc5+ 28.
bxc5 Ne3 29. Bh1 Rd3 30. Ng5 Rxb3 31. c6 Rc8 32. Ne4 Nd5 33. Nf6+ Nxf6 34. exf6
Rd3 35. Rc5 Rd6 36. c7 Rd7 37. Rac1 Rd6 38. Bb7 Bd7 39. Bxc8 Bxc8 40. Rb1 1-0

[Event "79th ch-ESP 2014"]
[Site "Linares ESP"]
[Date "2014.08.25"]
[Round "1.24"]
[White "Morales De La Rosa, Enrique"]
[Black "Espineira Gonzalez, Diego"]
[Result "0-1"]
[BlackTitle "IM"]
[WhiteElo "1967"]
[BlackElo "2360"]
[WhiteFideId "2220580"]
[BlackFideId "2229498"]
[EventDate "2014.08.25"]

1. c4 Nf6 2. Nc3 e6 3. g3 d5 4. Bg2 c6 5. cxd5 exd5 6. d4 Be7 7. Nf3 Nbd7 8. Nd2
Qb6 9. Qa4 O-O 10. O-O Rd8 11. e3 Nf8 12. Nf3 Ne6 13. Ne5 Ne8 14. Qd1 f6 15. Nd3
Bf8 16. b3 Nd6 17. h4 Qc7 18. Bb2 Nf5 19. Qf3 g6 20. Rac1 Qf7 21. Bh3 Neg7 22.
Qg2 Bd6 23. Ne2 Re8 24. Rfe1 h5 25. Bc3 g5 26. hxg5 fxg5 27. Bxf5 Bxf5 28. Ne5
Bxe5 29. dxe5 Be4 30. Qh2 Bf3 31. Nd4 Ne6 32. Nxf3 Qxf3 33. Qg2 g4 34. Qxf3 gxf3
35. Red1 Ng5 36. Bb2 Ne4 37. b4 a6 38. Rc2 Kf7 39. Kh2 Ke6 40. Rh1 h4 41. gxh4
Rg8 42. Rg1 Rxg1 43. Kxg1 Rg8+ 44. Kf1 Rh8 45. Bd4 Rxh4 46. Kg1 Rg4+ 47. Kf1 Rg2
48. a4 Ng3+ 49. Ke1 Rg1+ 50. Kd2 Ne4+ 0-1

[Event "79th ch-ESP 2014"]
[Site "Linares ESP"]
[Date "2014.08.25"]
[Round "1.25"]
[White "Alvarez Fernandez, Enrique"]
[Black "Pablos Tenrero, Raquel"]
[Result "1-0"]
[WhiteTitle "FM"]
[WhiteElo "2355"]
[BlackElo "1965"]
[WhiteFideId "2227398"]
[BlackFideId "2216213"]
[EventDate "2014.08.25"]

1. d4 Nf6 2. Bg5 e6 3. e4 h6 4. Bxf6 gxf6 5. Nc3 d6 6. d5 e5 7. Nge2 f5 8. exf5
Bxf5 9. Ng3 Bg6 10. Bd3 Rg8 11. O-O Nd7 12. Qe2 Qe7 13. Nb5 Nb6 14. c4 a6 15.
Nc3 O-O-O 16. a4 Qh4 17. a5 Bxd3 18. Qxd3 Nd7 19. Nce4 Qg4 20. h3 Qg6 21. Qf3
Be7 22. Nf5 Rde8 23. h4 h5 24. g3 Qh7 25. b4 Rg4 26. Kh2 Qg6 27. Rfe1 Bd8 28. c5
dxc5 29. bxc5 Nf6 30. c6 Nxe4 31. Rxe4 bxc6 32. d6 Rxe4 33. Qxe4 Qg4 34. Qd3 Re6
35. d7+ Kb7 36. Rb1+ Ka7 37. Qb3 1-0